000 00457nam a2200181Ia 4500
001 3096
005 20260306144855.0
008 260306t1997||||xx |||||||||||||| ||spa||
041 _aESP
082 _a250.94
_bL33
100 _aLe Tourneau, Dominique
_eAUT
245 0 _aEl derecho de la Iglesia:
_biniciación al derecho canónico
260 _c1997
300 _a123 páginas :
_c20 cm.
650 _aGEN
654 _aCHU
942 _cLIB
_dJUS
_fJUS
_2ddc
_n
999 _c3096
_d3096